000 00613nam a2200205 i 4500
001 72210
003 ES-MaACL
005 20230906171348.0
007 t|
008 040827s1964 sp ||||1| spa d
100 1 _aGillespie, Cecil.
_956960
245 1 0 _aCostes standard y contabilidad marginal /
_cpor Cecil Gillespie ; traducido por Jesús Landa.
260 _aBilbao :
_bDeusto,
_c[1964]
300 _a388 p. ;
_c21 cm.
490 1 _aColección gestión
700 1 _aLanda, Jesús.
_969915
830 0 _aColección gestión
_9180966
852 _aES-MaACL
_jC-26571
_bR.55196
999 _c72210
_d72210